000 00645nam a2200229Ia 4500
003 OSt
005 20220928112104.0
006 a|||||r|||| 00| 0
007 ta
008 220927b |||||||| |||| 00| 0 eng d
024 _a28392
037 _cTextual
040 _aSDCL
_cSDCL
_beng
041 _2eng
_aeng
082 _aX:9.73'N9, N8
100 _aKingsolver Ann E Ed.
_9426279
245 0 _aMore than class
_b Studying power in US workplaces
260 _aNew York
_b State University
_c1998
300 _aix,222p
_ccm.
942 _hX:9.73'N9, N8
_cTEXL
_2CC
999 _c743259
_d743259